Thi công lắp ghép dân dụng và công nghiệp
שמור ב:
| מחבר ראשי: | |
|---|---|
| פורמט: | Sách |
| שפה: | Undetermined |
| יצא לאור: |
Đại học quốc gia Tp. Hồ Chí Minh
2012
|
| נושאים: | |
| תגים: |
הוספת תג
אין תגיות, היה/י הראשונ/ה לתייג את הרשומה!
|
| Thư viện lưu trữ: | Trung tâm Thư viện - Trường Đại học Công nghiệp TP. Hồ Chí Minh |
|---|
| LEADER | 00589nam a2200157Ia 4500 | ||
|---|---|---|---|
| 001 | UIH_03062 | ||
| 008 | 231011s9999 xx 000 0 und d | ||
| 082 | |a 690 | ||
| 100 | |a Lê, Văn Kiểm | ||
| 245 | 0 | |a Thi công lắp ghép dân dụng và công nghiệp | |
| 245 | 0 | |c Lê, Văn Kiểm | |
| 260 | |b Đại học quốc gia Tp. Hồ Chí Minh | ||
| 260 | |c 2012 | ||
| 650 | |a Xây dựng; Nhà công nghiệp; Nhà lắp ghép; | ||
| 927 | |a Sách | ||
| 980 | |a Trung tâm Thư viện - Trường Đại học Công nghiệp TP. Hồ Chí Minh | ||